00481nam a22001217a 4500082001400000100002600014245005800040260004400098300002100142942001200163999001900175952016500194 a346.5491  aQureshi, Khurram Amir aAssignments on Mercantile Law /cKhurram Amir Qureshi aLahore :bUniversity book Corner,cN.A. a299 p. ;c21 cm. 2ddccBK c587154d587154 00102ddc406346_549100000000000_QUR709575378aNLSbNLScLAWd2021-12-07eFederal Law Housel1o346.5491 QURpCL-726r2023-09-26s2023-02-03w2021-12-07yBK